Statistiques concernant Harry-Potter Quizz Facile

Cliquez ici pour prendre le quiz!

Statistiques générales

  • Ce quiz a été pris 451 fois
  • Le résultat moyen est 7 sur 8

Statistiques - réponses

Question Answer % Correct
Quelle est le vrai nom du rat de RonCroutar
99%
La mere de Ronnald Weasley est ...Molly Weasley
98%
Harry-Potter a quelle ressemblance avec sa mereles yeux
97%
Quelle est le vrai nom de la mere d'Harry-Potter ...Lily Potter(Evans)
96%
Travail de la mere de HermioneDentiste
94%
Quelle est le nom de la mere du fantome de l'aile droite des serdaigle...Rowena Serdaigle
93%
Qui est le ou la fondatrice de PoufsouffleHelga Poufsouffle
91%
Quelle est le nom d'Harry-PotterDaniel Radcliffe
67%

Distribution des résultats

Percentile by Number Answered

% des personnes avec chaque résultat

Votre développement - résultats

Vous n’avez pas pris ce quiz